| 000 | 00502cam a2200205ua 4500 | ||
|---|---|---|---|
| 001 | 2593 | ||
| 008 | 110829n ii |||gr||||Z||||||asm | ||
| 020 | _a81-7331-078-5 | ||
| 040 | _cMAIN | ||
| 082 | _a491.451 | ||
| 100 | 1 |
_aNeog, Maheswar, _eAuthor. |
|
| 245 | 1 | 1 |
_aNika asamiya bhasa _cby Maheswar Neog |
| 250 | _a2nd. | ||
| 260 |
_aGuahati: _bLawyers book stall,994. |
||
| 300 |
_a82p: _c23cm. |
||
| 653 | _aLanguage | ||
| 653 | _aAssamese language | ||
| 653 | _aNika asamiya bhasa | ||
| 942 | _cBK | ||
| 999 |
_c2446 _d2446 |
||